| 000 | 00538nam a2200205Ia 4500 | ||
|---|---|---|---|
| 005 | 20260429111845.0 | ||
| 008 | 260429s9999||||xx |||||||||||||| ||und|| | ||
| 020 | _a9788119160617 | ||
| 041 | _aEnglish | ||
| 082 |
_a615.19 _bAHL |
||
| 100 | _aAhluwalia, V.K. | ||
| 245 | 0 |
_aMedicinal chemistry / _cV.K. Ahluwalia |
|
| 250 | _a2nd ed. | ||
| 260 |
_aNew Delhi : _bAne Books, _c2026. |
||
| 300 | _axxi, 440 p.; hb | ||
| 650 | _a Medicinal chemistry | ||
| 650 | _aPharmaceutical chemistry | ||
| 700 | _a Chopra, Madhu | ||
| 942 | _cTB | ||
| 999 |
_c51161 _d51161 |
||